000 00336nam a2200145Ia 4500
005 20251222151343.0
008 251222s9999||||xx |||||||||||||| ||spa||
020 _a194229408
082 _a822.914/V64
100 _aVikary, Tim
245 4 _aThe Elephant Man
250 _a1ra.ed.
264 _bOxford University Press
942 _cLIB
999 _c24539
_d24539